000 00535nam a2200181 i 4500
001 90208
003 ES-MaACL
005 20240520143846.0
007 t|
008 050119s1929 fr ||||1| fre d
100 1 _aLebey, André.
_971016
245 1 0 _aLamartine dans ses horizons /
_cAndré Lebey.
260 _aParís :
_bAlbin Michel,
_c1929 (
_fPaul Dupont)
300 _a459 p., 5 lám. ;
_c21 cm.
600 1 4 _aLamartine, Alphonse de,
_d1790-1869
_969776
852 _aES-MaACL
_jA-1988
999 _c90208
_d90208